Hydrocracking and hydrotreating : a symposium : [papers] /
Guardado en:
| Autores Corporativos: | , |
|---|---|
| Otros Autores: | , |
| Formato: | Libro |
| Idioma: | English |
| Publicado: |
Washington :
The Society,
1975.
|
| Series: | ACS symposium series ;
20. |
| Materias: | |
| Etiquetas: |
Agregar Etiqueta
Sin Etiquetas, Sea el primero en etiquetar este registro!
|
| LEADER | 01270cam a22002775a 4500 | ||
|---|---|---|---|
| 001 | EIQ.libpla002380 | ||
| 008 | 751003s1975####dcua#####b####101#0#eng#d | ||
| 005 | 20070605173559.0 | ||
| 245 | 0 | 0 | |a Hydrocracking and hydrotreating : |b a symposium : [papers] / |c sponsored by the Division of Petroleum Chemistry, inc., at the 169th meeting of the American Chemical Society, Philadelphia, Penn., April 9, 1975 ; John W. Ward, editor Shai A. Qader, editor. |
| 260 | |a Washington : |b The Society, |c 1975. | ||
| 300 | |a vii, 168 p. : |b il. ; |c 24 cm. | ||
| 490 | 1 | |a ACS symposium series ; 20, |x 0097-6156 | |
| 504 | |a Incluye referencias bibliográficas e índice. | ||
| 020 | |a 0841203032 | ||
| 111 | 2 | |a Symposium on Hydrocracking and Hydrotreating |n (169th : |d 1975 : |c Philadelphia, Penn.) | |
| 700 | 1 | |a Ward, J. W. |q (John William), |d 1937-, |e ed. |4 edt | |
| 700 | 1 | |a Qader, Shaik A., |d 1932-, |e ed. |4 edt | |
| 710 | 2 | |a American Chemical Society. |b Division of Petroleum Chemistry. | |
| 830 | 0 | |a ACS symposium series ; |v 20. | |
| 082 | 0 | 0 | |a 665/.533 |
| 650 | 0 | |a Cracking process |x Congresses. | |
| 650 | 0 | |a Petroleum |x Refining |x Congresses. | |
| 650 | 0 | |a Hydrogenation |x Congresses. | |
| 010 | |a 75033727 | ||
| 040 | |a DLC |c DLC |d AR-BbSID | ||
| 859 | |a AR-BbSID |b BIB. PLAPIQUI |h 665.533 |i Sy 68 |p 1172 | ||
